000 00834nas a2200265 4500
001 BR2013003376
003 BR-BrBNA
005 20231205122242.0
007 ta
008 230509b bl.|||p| |||| 00| 00por d
040 _aBR-BrBNA
_bpor
_cBiblioteca Nacional de Agricultura
041 _a(Pt)
072 _aE16
100 1 _aSousa, E.P. de
100 1 _aSoares, N.S.
100 1 _aSilva, M.L. da
245 1 _aDesempenho competitivo das empresas de móveis de madeira: O caso do polo moveleiro de Ubá - MG
650 _aMADEIRA
650 _aMÓVEL
650 _aINDÚSTRIA FLORESTAL
650 _aECONOMIA DA PRODUÇÃO
773 0 _tRevista de Economia e Agronegócio (Brazil)
_xISSN 1679-1614
_g(Sep-Dec 2010), v. 8(3) p. 371-395
_wBR2013003376
909 _a202311
_bLúcia
_c55
_dLúcia Elande
942 _2AGRIS
_n0
_cANA
999 _c227699
_d227699